Statistics for Random Objects by Wikipedia Definition #2

Click here to take the quiz!

General Stats

  • This quiz has been taken 91 times
  • The average score is 7 of 15

Answer Stats

DefinitionObject% Correct
A shelter consisting of sheets of fabric attached to a frame of polesTent
96%
Shoes that are worn to enable the wearer to roll along on wheelsRoller skates
85%
A narrow strip of semi-rigid material worn underfoot to glide over snowSki
80%
A device that emits ultraviolet radiation to produce a cosmetic tanSunbed
76%
A small, narrow watercraft which is typically propelled by means of a double-bladed paddleKayak
68%
Any breathing apparatus that is carried entirely by an underwater diver and provides the diver with breathing gasScuba set
65%
A shallow body of water intended for use by small childrenPaddling pool
53%
A long, narrow board supported by a single pivot pointSeesaw
51%
A motorized platform installed in a stairway, which traverses the stairs when activatedStairlift
41%
A small hand-propelled vehicle, usually with just one wheel, designed to be pushed and guided by a single personWheelbarrow
38%
A device for serving chocolate fondueChocolate fountain
34%
An architectural design element involving water, such as a fountain, a pond or a waterfallWater feature
32%
An outhouse that may easily be moved aroundPortable loo
19%
A piece of mobile furniture within which cooked food may be kept hot, and from which it may be servedHostess trolley
8%
A seat for an infant that lets the infant bounce up and downBaby bouncer
4%

Score Distribution

Percentile by Number Answered

Percent of People with Each Score

Your Score History

You have not taken this quiz